| 000 -CABECERA |
| Longitud fija campo de control |
00769nam a22001937a 4500 |
| 003 - IDENTIFICADOR DEL NÚMERO DE CONTROL |
| Identificador del número de control |
OSt |
| 005 - FECHA Y HORA DE LA ÚLTIMA TRANSACCIÓN |
| Fecha y hora de la última transacción |
20231018125837.0 |
| 008 - CÓDIGOS DE INFORMACIÓN DE LONGITUD FIJA |
| Códigos de información de longitud fija |
130417s2005 sp ||||| |||| 00| 0 cat d |
| 040 ## - FUENTE DE LA CATALOGACIÓN |
| Centro transcriptor |
CDMR |
| Lengua de catalogación |
cat |
| 245 10 - MENCIÓN DE TÍTULO |
| Título |
Fotògrafes pioneres a Catalunya [programa] |
| Mención de responsabilidad, etc. |
/ [textos i selecció fotogràfica: Colita i Mary Nash] |
| 260 ## - PUBLICACIÓN, DISTRIBUCIÓN, ETC. (PIE DE IMPRENTA) |
| Lugar de publicación, distribución, etc. |
Barcelona: |
| Nombre del editor, distribuidor, etc. |
Institut Català de les Dones, |
| Fecha de publicación, distribución, etc. |
DL 2005 |
| 300 ## - DESCRIPCIÓN FÍSICA |
| Extensión |
[40] p. : |
| Otras características físicas |
il. ; |
| Dimensiones |
21 cm |
| 505 ## - NOTA DE CONTENIDO CON FORMATO |
| Nota de contenido con formato |
Programa l'exposició celebrada al Palau Robert de Barcelona entre el 20 de desembre de 2005 i el 28 de febrer de 2006. |
| 650 #0 - PUNTO DE ACCESO ADICIONAL DE MATERIA - TÉRMINO DE MATERIA |
| 9 (RLIN) |
3145 |
| Término de materia o nombre geográfico como elemento inicial |
Fotografia |
| Subdivisión geográfica |
Catalunya |
| Subdivisión de materia general |
Història |
| Subdivisión de forma |
Exposicions |
| 650 #0 - PUNTO DE ACCESO ADICIONAL DE MATERIA - TÉRMINO DE MATERIA |
| 9 (RLIN) |
4896 |
| Término de materia o nombre geográfico como elemento inicial |
Fotògrafes |
| Subdivisión geográfica |
Catalunya |
| Subdivisión de materia general |
Història |
| Subdivisión de forma |
Exposicions |
| 700 0# - PUNTO DE ACCESO ADICIONAL - NOMBRE DE PERSONA |
| 9 (RLIN) |
3026 |
| Nombre de persona |
Colita |
| 700 ## - PUNTO DE ACCESO ADICIONAL - NOMBRE DE PERSONA |
| 9 (RLIN) |
4895 |
| Nombre de persona |
Nash, Mary |
| 942 ## - ENTRADA DE ELEMENTOS AGREGADOS (KOHA) |
| Fuente de clasificaión o esquema |
|
| Koha [por defecto] tipo de item |
Fullets |